<?xml version="1.0" encoding="UTF-8"?>
<record
    xmlns:xsi="http://www.w3.org/2001/XMLSchema-instance"
    xsi:schemaLocation="http://www.loc.gov/MARC21/slim http://www.loc.gov/standards/marcxml/schema/MARC21slim.xsd"
    xmlns="http://www.loc.gov/MARC21/slim">

  <leader>00389nam a22001217a 4500</leader>
  <datafield tag="040" ind1=" " ind2=" ">
    <subfield code="c">HS</subfield>
  </datafield>
  <datafield tag="082" ind1=" " ind2=" ">
    <subfield code="a">813</subfield>
  </datafield>
  <datafield tag="100" ind1=" " ind2=" ">
    <subfield code="a">&#x1793;&#x17BB;&#x178F; &#x1785;&#x1793;&#x17D2;&#x1790;&#x17B6;</subfield>
  </datafield>
  <datafield tag="245" ind1=" " ind2=" ">
    <subfield code="a">&#x179B;&#x17B7;&#x1781;&#x17B7;&#x178F;&#x1794;&#x1791;&#x178A;&#x17D2;&#x178B;&#x17B6;&#x1793;&#x1782;&#x178F;&#x17B7;&#x1799;&#x17BB;&#x178F;&#x17D2;&#x178F;&#x17B7; &#x1793;&#x17B7;&#x1784;&#x179B;&#x17B7;&#x1781;&#x17B7;&#x178F;&#x1791;&#x17C6;&#x1793;&#x17B6;&#x1780;&#x17CB;&#x1791;&#x17C6;&#x1793;&#x1784;&#x179A;&#x178A;&#x17D2;&#x178B;&#x1794;&#x17B6;&#x179B;</subfield>
  </datafield>
  <datafield tag="260" ind1=" " ind2=" ">
    <subfield code="a">Cambodia</subfield>
    <subfield code="b">&#x1793;&#x17BB;&#x178F; &#x1785;&#x1793;&#x17D2;&#x1790;&#x17B6;</subfield>
    <subfield code="c">2006</subfield>
  </datafield>
  <datafield tag="300" ind1=" " ind2=" ">
    <subfield code="a">298p;</subfield>
  </datafield>
  <datafield tag="942" ind1=" " ind2=" ">
    <subfield code="c">KB</subfield>
  </datafield>
  <datafield tag="999" ind1=" " ind2=" ">
    <subfield code="c">9949</subfield>
    <subfield code="d">9949</subfield>
  </datafield>
  <datafield tag="952" ind1=" " ind2=" ">
    <subfield code="0">0</subfield>
    <subfield code="1">0</subfield>
    <subfield code="4">0</subfield>
    <subfield code="6">813_000000000000000_&#x1793;&#x17BB;&#x178F;_2006_C329</subfield>
    <subfield code="7">0</subfield>
    <subfield code="9">52194</subfield>
    <subfield code="a">LBC</subfield>
    <subfield code="b">LBC</subfield>
    <subfield code="c">C329</subfield>
    <subfield code="d">2016-09-15</subfield>
    <subfield code="o">813 &#x1793;&#x17BB;&#x178F; 2006 C329</subfield>
    <subfield code="p">RUA43811</subfield>
    <subfield code="r">2016-09-15</subfield>
    <subfield code="y">KB</subfield>
  </datafield>
  <datafield tag="952" ind1=" " ind2=" ">
    <subfield code="0">0</subfield>
    <subfield code="1">0</subfield>
    <subfield code="4">0</subfield>
    <subfield code="6">813_000000000000000_&#x1793;&#x17BB;&#x178F;_2006_C329</subfield>
    <subfield code="7">0</subfield>
    <subfield code="9">52366</subfield>
    <subfield code="a">LBC</subfield>
    <subfield code="b">LBC</subfield>
    <subfield code="c">C329</subfield>
    <subfield code="d">2016-09-19</subfield>
    <subfield code="o">813 &#x1793;&#x17BB;&#x178F; 2006 C329</subfield>
    <subfield code="p">RUA41715</subfield>
    <subfield code="r">2016-09-19</subfield>
    <subfield code="y">KB</subfield>
  </datafield>
  <datafield tag="952" ind1=" " ind2=" ">
    <subfield code="0">0</subfield>
    <subfield code="1">0</subfield>
    <subfield code="4">0</subfield>
    <subfield code="6">813_000000000000000_&#x1793;&#x17BB;&#x178F;_2006_C329</subfield>
    <subfield code="7">0</subfield>
    <subfield code="9">52367</subfield>
    <subfield code="a">LBC</subfield>
    <subfield code="b">LBC</subfield>
    <subfield code="c">C329</subfield>
    <subfield code="d">2016-09-19</subfield>
    <subfield code="o">813  &#x1793;&#x17BB;&#x178F; 2006 C329</subfield>
    <subfield code="p">RUA42114</subfield>
    <subfield code="r">2016-09-19</subfield>
    <subfield code="y">KB</subfield>
  </datafield>
  <datafield tag="952" ind1=" " ind2=" ">
    <subfield code="0">0</subfield>
    <subfield code="1">0</subfield>
    <subfield code="4">0</subfield>
    <subfield code="6">813_000000000000000_&#x1793;&#x17BB;&#x178F;_2006_C329</subfield>
    <subfield code="7">0</subfield>
    <subfield code="9">52368</subfield>
    <subfield code="a">LBC</subfield>
    <subfield code="b">LBC</subfield>
    <subfield code="c">C329</subfield>
    <subfield code="d">2016-09-19</subfield>
    <subfield code="o">813  &#x1793;&#x17BB;&#x178F; 2006 C329</subfield>
    <subfield code="p">A02659</subfield>
    <subfield code="r">2016-09-19</subfield>
    <subfield code="y">KB</subfield>
  </datafield>
</record>
